00966nam a2200265Ia 450000500170000000800410001702000150005804000560007304100080012910000260013724501140016326000500027730000330032750000270036065000230038765000250041065000410043565000490047665000290052565000400055465000250059465000290061970000290064871000230067720171127154424.0130821s2003 ck gr spa  a958971997x aCo-BoUCMbspacSandra Palacio (modificó)d[Nuevo]00aspa1 aVelásquez C., Fabio11a¿Qué ha pasado con la participación ciudadana en Colombia?cFabio Velásquez C., Esperanza González R aBogotá (Colombia)bFundación Coronac2003 a456 páginaseCD-ROM, anexo aAnexo 1, página 429.17aCiencia política27aDemocraciazColombia27aDesarrollo de la comunidadzColombia27aDescentralización administrativazColombia27aGobierno localzColombia27aParticipación ciudadanazColombia27aSistemas de gobierno27aSociedad civilzColombia aGonzález R., Esperanza aFundación Corona